Loading...
Land of charity
| Main Author: | |
|---|---|
| Format: | Printed Book |
| Published: |
New Delhi
Asian Educational Services
.
|
| Subjects: |
| LEADER | 00481cam a2200157ua 4500 | ||
|---|---|---|---|
| 020 | |a 81-206-0319-2 | ||
| 082 | |a 954.83T |b MAT/L | ||
| 100 | |a Mateer, Samuel | ||
| 245 | 0 | 0 | |a Land of charity |
| 260 | |a New Delhi |b Asian Educational Services |c . | ||
| 300 | |a vi, 370p. | ||
| 650 | |a Travancore- History | ||
| 650 | 0 | |a Kerala- History | |
| 942 | |c REF | ||
| 999 | |c 9775 |d 9775 | ||
| 952 | |0 0 |1 0 |4 0 |6 954_000000000000000_83T_MATL |7 0 |9 10190 |a KUCL |b KUCL |d 2014-05-23 |l 0 |o 954.83T MAT/L |p 03112 |r 2017-03-09 |y REF | ||